| 000 | 00706nam a2200229 a 4500 | ||
|---|---|---|---|
| 001 | BRCA_7813 | ||
| 005 | 20190320210015.0 | ||
| 008 | 161013s1958----enka######---#000-0#eng-# | ||
| 041 | _aeng | ||
| 044 | _aenk | ||
| 050 | 4 |
_aND565 _b.D47 1958 |
|
| 100 | 1 |
_aDescargues, Pierre _92245 |
|
| 245 | 1 | 0 |
_aGerman painting from the 14th to the 16th centuries _cby Pierre Descargues ; tr. from the french by Stuart Hood. |
| 260 |
_aLondres _bThames & Hudson _cc1958 |
||
| 300 |
_a96 p. _bil. a color, 48 láminas _c22 cm. |
||
| 500 | _aX102 | ||
| 650 | 1 | 4 |
_aPintura alemana _ySiglos XIV a XVI _919351 |
| 650 | 1 | 4 |
_aPintura _vHistoria _914041 |
| 700 | 1 |
_aHood, Stuart _etr. _919352 |
|
| 902 | _aGFM | ||
| 942 |
_2lcc _cB |
||
| 999 |
_c7487 _d7487 |
||